000 00619nam a2200229Ia 4500
003 OSt
005 20220924132430.0
006 a|||||r|||| 00| 0
007 ta
008 220923b |||||||| |||| 00| 0 san d
024 _a55059
037 _cTextual
040 _aARTS
_cARTS
_bsan
041 _2san
_asan
082 _aP15:75, 15L6
100 _aJha Deenbadhu
_9204294
245 0 _aSamashakti deepika darbhanga Kameshwar Singh Darbhanga Sanskrit Vishvidyalaya
260 _c1976
650 _aLINGUISTICS
942 _hP15:75, 15L6
_cTEXL
_2CC
999 _c430291
_d430291